Etymologies - Statistics

General Stats
  • This quiz has been taken 489 times
  • The average score is 5 of 10
Answer Stats
Question Answer % Correct
Champagne French
92%
Yacht Dutch
83%
Corgi Welsh
83%
Shampoo Hindi
75%
Bimbo Italian
67%
Ketchup Chinese
50%
Cipher Arabic
25%
Penguin Welsh
25%
Galore Gaelic
8%
Commando Afrikaans
0%
No matching quizzes found
Score Distribution
Percent of People with Each Score
Percentile by Number Answered
Your Score History
You have not taken this quiz